[Event "Recife"]
[Site "Recife"]
[Date "2008.01.25"]
[Round "3"]
[White "Sotero, Francisco"]
[Black "Roberto, Jose"]
[Result "0-1"]
[WhiteElo "1783"]
[BlackElo "2118"]
[PlyCount "88"]
[EventDate "2008.01.23"]
[EventType "match"]
[EventRounds "7"]
[EventCountry "BRA"]
[SourceTitle "EXT 2010"]
[Source "ChessBase"]
[SourceDate "2010.11.25"]
[SourceVersion "1"]
[SourceVersionDate "2010.11.25"]
[SourceQuality "1"]

1. c4 e5 2. Nc3 Nf6 3. g3 d5 4. cxd5 Nxd5 5. Bg2 Nb6 6. Nf3 Nc6 7. 0-0 Be7 8. d3 0-0 9. b3 Be6 10. Bb2 f5 11. Nb5 a6 12. Na3 Bf6 13. Nc4 Nxc4 14. dxc4 Qe7 15. Qc1 e4 16. Ne1 Nd4 17. Bxd4 Bxd4 18. Rb1 Bc5 19. Nc2 a5 20. e3 Rad8 21. Rd1 Rxd1+ 22. Qxd1 Rd8 23. Qe2 Qd6 24. Kf1 g6 25. h4 Bf7 26. a4 c6 27. Kg1 Kg7 28. Bh3 Qd2 29. Qxd2 Rxd2 30. Ne1 Kf6 31. Ng2 h6 32. g4 g5 33. gxf5 Bh5 34. Ne1 g4 35. Bf1 Kxf5 36. Ng2 Bf7 37. Ne1 g3 38. Bh3+ Ke5 39. f4+ Kf6 40. Ng2 Bh5 41. Re1 Bf3 42. Kf1 Rb2 43. f5 Rxb3 44. Nf4 Bxe3 0-1